000 00567nam a2200169Ia 4500
008 090711s9999 xx 000 0 und d
082 _b50629
100 _aकेळकर नरसिंह िSां.
245 _aगदयविहार
260 _bनरसिंह ्चिंतामण केळकर
_c1937
300 _a120
600 _aकेळकर नरसिंह िSां.
630 _aगदयविहार
700 _aकेळकर नरसिंह िSां.
730 _aगदयविहार
942 _cBOOK
999 _c331363
_d331363